|
|
|
|
| LEADER |
00000nam1a2200000 4500 |
| 001 |
303948 |
| 005 |
20231101010332.0 |
| 035 |
|
|
|a (RuTPU)RU\TPU\book\329183
|
| 090 |
|
|
|a 303948
|
| 100 |
|
|
|a 20150908d1981 km y0rusy50 ca
|
| 101 |
0 |
|
|a rus
|
| 102 |
|
|
|a RU
|
| 200 |
1 |
|
|a Методы прикладной геохимии Второй международный симпозиум СССР, Иркутск(озеро Байкал), 25 сентября-2 октября 1981 г.
|e в 2 ч.
|e тезисы докладов
|f Академия наук СССР (АН СССР), Сибирское отделение (СО), Институт геохимии им. А. П. Виноградова (ИГХ) ; отв. ред. И. С. Ломоносов
|
| 210 |
|
|
|a Иркутск
|c Изд-во Ин-та геохимии АН СССР
|d 1981
|
| 702 |
|
1 |
|a Ломоносов
|b И. С.
|4 340
|
| 712 |
0 |
2 |
|a Академия наук СССР (АН СССР)
|b Сибирское отделение (СО)
|b Институт геохимии им. А. П. Виноградова (ИГХ)
|c (Иркутск)
|2 stltpush
|3 (RuTPU)RU\TPU\col\1687
|
| 712 |
1 |
2 |
|a Методы прикладной геохимии
|c симпозиум
|d 2
|e Иркутск
|f 1981
|4 570
|
| 801 |
|
1 |
|a RU
|b 63413507
|c 20150908
|
| 801 |
|
2 |
|a RU
|b 63413507
|c 20190322
|g RCR
|
| 942 |
|
|
|c BK
|